000 00460nam a22001817a 4500
003 NUST - PNEC
005 20170116180919.0
008 150904b xxu||||| |||| 00| 0 eng d
020 _a0071009914
040 _cLIBRARY
082 _a621.4 CUL
100 _97676
_aCurl, Archie W.
245 _aPrinciples of energy conversion
_cArchie W. Culp
250 _a2nd ed.
260 _cc.1979
650 _97680
_aMechaniocal Engineering
_xME
942 _2ddc
_cBK
999 _c65571
_d65571